Normal view MARC view
  • Juárez, Benito,

Entry Nombre Personal

Number of records used in: 1

001 - NUMERO DE CONTROL

  • campo de control: 46898

003 - IDENTIFICADOR DE NUMERO DE CONTROL

  • campo de control: MX-MxUPN

005 - FECHA Y HORA DE LA ÜLTIMA TRANSACCIÓN

  • campo de control: 20220929142247.0

008 - DATOS DE LONGITUD FIJA

  • campo de control de longitud fija: 220929|| acz||aabn | a|a d

040 ## - FUENTE DE CATALOGACIÓN

  • Agencia original de catalogación: MX-MxUPN
  • Lenguaje de catalogación: spa
  • Agencia de transcripción: MX-MxUPN

100 ## - ENCABEZAMIENTO - NOMBRE PERSONAL

  • Nombre personal: Juárez, Benito,
  • Fechas asociadas con el nombre: 1806-1872
  • Subdivisión de forma: Archivos

670 ## - FUENTE EN LA QUE SE LOCALIZARON DATOS

  • Cita de la fuente: DGB UNAM, 29 septiembre 2022:
  • Información localizada: encabezamiento (Juárez, Benito, 1806-1872-- Archivos)

902 ## - CATALOGADOR

  • Catalogador: Víctor Ruiz/290922